Online Catalogue and eLibrary

The waiting earth (Record no. 3364)

MARC details
000 -LEADER
fixed length control field 00487nam a2200157Ia 4500
005 - DATE AND TIME OF LATEST TRANSACTION
control field 20241217012552.0
008 - FIXED-LENGTH DATA ELEMENTS--GENERAL INFORMATION
fixed length control field 240331s9999 xx 000 0 und d
020 ## - INTERNATIONAL STANDARD BOOK NUMBER
ISBN 9556100334
082 ## - DDC Classification
Item Number - Author Mark WIJ
Class No. 823
100 ## - MAIN ENTRY--PERSONAL NAME
Personal name Wijenaike, P
245 #4 - TITLE STATEMENT
Title The waiting earth
260 ## - PUBLICATION, DISTRIBUTION, ETC.
Place of publication, distribution, etc. Padukka
Name of publisher, distributor, etc. State Printing Corporation
Date of publication, distribution, etc. 1993
300 ## - PHYSICAL DESCRIPTION
Extent (e.g. Volumes, Pages etc.) 324 P.,
500 ## - GENERAL NOTE
General note The Waiting earth is the longest novel, It is the story a man and his wife, and of their hopes for their three children.
942 ## - Koha item type (Biblio)
Koha item type Books in Stacks (Lending)
Holdings
Lost status Damaged status Collection code Home library Current library Shelving location Date acquired Full call number Accession Number Item type
    Lending WERC Library WERC Library Social Science Cupboard 03/31/2024 823 WIJ 4563 Books in Stacks (Lending)

© WERC Library